000 00425nam a2200181Ia 4500
001 3578
005 20260306145653.0
008 260306t2016||||xx |||||||||||||| ||spa||
041 _aESP
082 _a289.985
_bL35
100 _aLecaros, Véronique
_eAUT
245 0 _aLa conversión al evangelismo
260 _c2016
300 _a235 páginas :
_c20 cm.
650 _aGEN
654 _aCHU
942 _cLIB
_dJUS
_fJUS
_2ddc
_n
999 _c3578
_d3578